Language Quiz

Random Language or Numbers Quiz
Score 0/8 Timer 01:00
0 Plays Today
Hint Heading % Correct
????
100%
????
95.7%
????
91.3%
????
89.1%
????
87%
????
87%
????
84.8%
????
84.8%
Remove Ads.
Support Sporcle.
Get the best of Sporcle when you Go Orange. This ad-free experience offers more features, more stats, and more fun while also helping to support Sporcle. Thank you for becoming a member.

You're not logged in!

Compare scores with friends on all Sporcle quizzes.
OR
Log In

Show Comments

Extras

Created Oct 13, 2010ReportNominate
Tags:Numbers Quiz, Texting

Top Quizzes Today


Score Distribution

Your Account Isn't Verified!

In order to create a playlist on Sporcle, you need to verify the email address you used during registration. Go to your Sporcle Settings to finish the process.

Report this User

Report this user for behavior that violates our Community Guidelines.

Details: